logo

Bir Sreshtho Munshi Abdur Rouf Library
Jhenaidah Cadet College

Reading Non-Fiction Prose / (Record no. 12221)

MARC details
000 -LEADER
fixed length control field 00571nam a2200217 a 4500
001 - CONTROL NUMBER
JCCL Control Number 12221
003 - CONTROL NUMBER IDENTIFIER
JCCL marc code BD-JhCC
005 - DATE AND TIME OF LATEST TRANSACTION
control field 20210426122800.0
008 - FIXED-LENGTH DATA ELEMENTS--GENERAL INFORMATION
fixed length control field 210426b1964 enk |||| ||a| 001 0 eng d
035 ## - SYSTEM CONTROL NUMBER
system control number (BD-JhCC)12221
040 ## - CATALOGING SOURCE
Original cataloging agency BD-JhCC
Modifying agency BD-JhCC
041 ## - LANGUAGE CODE
Language code of Book english
082 ## - DEWEY DECIMAL CLASSIFICATION NUMBER
Classification number 808.8
Author mark and Year SAT 1964
100 ## - MAIN ENTRY--PERSONAL NAME
Personal name Satin, Joseph
245 ## - TITLE STATEMENT
Title Reading Non-Fiction Prose /
Statement of responsibility, etc Joseph Satin.
260 ## - PUBLICATION, DISTRIBUTION, ETC. (IMPRINT)
Place of publication, distribution, etc New York:
Name of publisher, distributor, etc Houghton Mifflin company;
Date of publication, distribution, etc 1964.
300 ## - PHYSICAL DESCRIPTION
Pagination 346 p. :
Dimensions 18 cm.
650 ## - SUBJECT ADDED ENTRY--TOPICAL TERM
Topical term or geographic name as entry element Literature
General subdivision study and teaching
942 ## - ADDED ENTRY ELEMENTS (KOHA)
Source of classification or shelving scheme Dewey Decimal Classification
Koha item type Books
Holdings
Source of classification or shelving scheme Damaged status Not for loan Home library Current library Shelving location Date of accession Total Checkouts Full call number Barcode Date last seen Copy number Koha item type
Dewey Decimal Classification     JCC Rouf Library JCC Rouf Library General Stacks 04/26/2021   808.8 SAT 1964 11951 04/26/2021 C-1 Books

JCC Library | Contacts | JCC Home

Last Update on 23 September 2017
Copyright @ 2017-2020 JCC Rouf Library
Rouf Library, Jhenidah Cadet College (JCC), Bangladesh